000 00448nam a2200157 i 4500
001 20561
003 ES-MaACL
005 20230906152327.0
007 t|
008 021114s1966 sp ||||1| spa d
100 1 _aAcevedo, Evaristo.
_918231
245 1 0 _aTeoría e interpretación del humor español /
_cEvaristo Acevedo.
260 _aMadrid :
_bEd. Nacional,
_c1966.
300 _aVII, 290 p. ;
_c24 cm.
852 _aES-MaACL
_jC-30239
_bR.60430
999 _c20561
_d20561